¡Hay moros en la costa! (Record no. 52950)

MARC details
000 -LEADER
campo de control de longitud fija 01018nam a2200265 i 4500
001 - NÚMERO DE CONTROL
campo de control 52950
003 - IDENTIFICADOR DE NÚMERO DE CONTROL
campo de control ES-MaACL
005 - FECHA Y HORA DE LA ÚLTIMA TRANSACCIÓN
campo de control 20230906162656.0
007 - CAMPO FIJO DE DESCRIPCIÓN FÍSICA--INFORMACIÓN GENERAL
campo de control de longitud fija t|
008 - DATOS DE LONGITUD FIJA--INFORMACIÓN GENERAL
campo de control de longitud fija 141111s2014 sp ||||1| spa d
020 ## - NÚMERO INTERNACIONAL ESTÁNDAR DEL LIBRO
Número Internacional Estándar del Libro 978-84-8489-786-6 (Iberoamericana)
020 ## - NÚMERO INTERNACIONAL ESTÁNDAR DEL LIBRO
Número Internacional Estándar del Libro 978-3-95487-332-6 (Vervuert)
080 ## - NÚMERO DE LA CLASIFICACIÓN DECIMAL UNIVERSAL
Número de la Clasificación Decimal Universal 821.134.2(64).09"19"
100 1# - ENTRADA PRINCIPAL--NOMBRE DE PERSONA
Nombre de persona Ricci, Cristián H.
9 (RLIN) 155874
245 11 - MENCIÓN DEL TÍTULO
Título ¡Hay moros en la costa!
Resto del título : literatura marroquí fronteriza en castellano y catalán /
Mención de responsabilidad, etc. Cristián H. Ricci.
260 ## - PUBLICACIÓN, DISTRIBUCIÓN, ETC.
Lugar de publicación, distribución, etc. Madrid :
Nombre del editor, distribuidor, etc. Iberoamericana ;
Lugar de publicación, distribución, etc. Frankfurt am Main :
Nombre del editor, distribuidor, etc. Vervuert,
Fecha de publicación, distribución, etc. 2014.
300 ## - DESCRIPCIÓN FÍSICA
Extensión 287 p. ;
Dimensiones 23 cm.
490 1# - MENCIÓN DE SERIE
Mención de serie Ediciones de Iberoamericana ;
Designación de volumen o secuencia 69
504 ## - NOTA DE BIBLIOGRAFÍA, ETC.
Nota de bibliografía, etc. Bibliografía: p. [253]-287. Índice.
650 04 - PUNTO DE ACCESO ADICIONAL DE MATERIA--TÉRMINO DE MATERIA
Término de materia o nombre geográfico como elemento de entrada Literatura marroquí (Español)-
Subdivisión general Historia y crítica.
9 (RLIN) 14636
650 #4 - PUNTO DE ACCESO ADICIONAL DE MATERIA--TÉRMINO DE MATERIA
Término de materia o nombre geográfico como elemento de entrada Literatura marroquí-
Subdivisión general Autores emigrantes-
Subdivisión geográfica España-
Subdivisión general Historia y crítica.
9 (RLIN) 155875
830 0# - PUNTO DE ACCESO ADICIONAL DE SERIE-TÍTULO UNIFORME
Título uniforme Ediciones de Iberoamericana ;
Designación de volumen o secuencia 69
9 (RLIN) 230226
852 ## - LOCALIZACIÓN
Ubicación ES-MaACL
Número de control de estantería N-6315
Holdings
Estatus retirado Estado de pérdida Estado de daño No para préstamo Biblioteca de origen Biblioteca actual Ubicación en estantería Fecha de adquisición Fuente de adquisición Total de préstamos Signatura topográfica completa Código de barras Visto por última vez Precio de reemplazo Tipo de ítem Koha
        Biblioteca del Ateneo de Madrid Biblioteca del Ateneo de Madrid Sala Pecera Depósito 2 17/01/2008     N-6315 1055644 23/02/2023 23/02/2023 Libro impreso